<?xml version="1.0" encoding="UTF-8"?>
<record
    xmlns:xsi="http://www.w3.org/2001/XMLSchema-instance"
    xsi:schemaLocation="http://www.loc.gov/MARC21/slim http://www.loc.gov/standards/marcxml/schema/MARC21slim.xsd"
    xmlns="http://www.loc.gov/MARC21/slim">

  <leader>01409nam a22002777a 4500</leader>
  <controlfield tag="008">110803t1961    xxu||||g |||| 000 0 ara d</controlfield>
  <datafield tag="082" ind1=" " ind2=" ">
    <subfield code="2">22</subfield>
    <subfield code="a">158.3</subfield>
    <subfield code="b">&#x628; &#x646; &#x62C; </subfield>
  </datafield>
  <datafield tag="100" ind1=" " ind2=" ">
    <subfield code="9">26554</subfield>
    <subfield code="a">&#x628;&#x646;&#x62C;&#x647;&#x627;&#x645;&#x60C;&#x648;&#x627;&#x644;&#x62A;&#x631; &#x641;&#x627;&#x646;&#x62F;&#x627;&#x64A;&#x643;</subfield>
  </datafield>
  <datafield tag="245" ind1=" " ind2=" ">
    <subfield code="a">&#x633;&#x64A;&#x643;&#x648;&#x644;&#x648;&#x62C;&#x64A;&#x629; &#x627;&#x644;&#x645;&#x642;&#x627;&#x628;&#x644;&#x629; /</subfield>
    <subfield code="c">&#x62A;&#x623;&#x644;&#x64A;&#x641; &#x648;&#x627;&#x644;&#x62A;&#x631; &#x641;&#x627;&#x646;&#x62F;&#x627;&#x64A;&#x643; &#x648; &#x628;&#x631;&#x648;&#x633; &#x641;&#x64A;&#x643;&#x62A;&#x648;&#x631; &#x645;&#x648;&#x631;&#x61B;&#x62A;&#x631;&#x62C;&#x645;&#x629; &#x641;&#x627;&#x631;&#x648;&#x642; &#x639;&#x628;&#x62F; &#x627;&#x644;&#x642;&#x627;&#x62F;&#x631; &#x648; &#x639;&#x632;&#x62A; &#x633;&#x64A;&#x62F; &#x625;&#x633;&#x645;&#x627;&#x639;&#x64A;&#x644;</subfield>
  </datafield>
  <datafield tag="260" ind1=" " ind2=" ">
    <subfield code="a">&#x627;&#x644;&#x642;&#x627;&#x647;&#x631;&#x629;:</subfield>
    <subfield code="b">.&#x62F;&#x627;&#x631; &#x627;&#x644;&#x646;&#x647;&#x636;&#x629; &#x627;&#x644;&#x639;&#x631;&#x628;&#x64A;&#x629;&#x60C;1961</subfield>
    <subfield code="c">1961.</subfield>
  </datafield>
  <datafield tag="300" ind1=" " ind2=" ">
    <subfield code="a">328&#x635;&#x60C;</subfield>
    <subfield code="c">24&#x633;&#x645;.</subfield>
  </datafield>
  <datafield tag="650" ind1=" " ind2=" ">
    <subfield code="9">26555</subfield>
    <subfield code="a">&#x627;&#x644;&#x645;&#x642;&#x627;&#x628;&#x644;&#x627;&#x62A;</subfield>
  </datafield>
  <datafield tag="650" ind1=" " ind2=" ">
    <subfield code="9">26556</subfield>
    <subfield code="a">&#x627;&#x644;&#x625;&#x631;&#x634;&#x627;&#x62F; &#x627;&#x644;&#x646;&#x641;&#x633;&#x649; </subfield>
  </datafield>
  <datafield tag="653" ind1=" " ind2=" ">
    <subfield code="b">General</subfield>
    <subfield code="c">August2011</subfield>
  </datafield>
  <datafield tag="700" ind1=" " ind2=" ">
    <subfield code="9">26557</subfield>
    <subfield code="a">&#x645;&#x648;&#x631;&#x60C;&#x628;&#x631;&#x648;&#x633; &#x641;&#x64A;&#x643;&#x62A;&#x648;&#x631;</subfield>
    <subfield code="c">&#x645;&#x624;&#x644;&#x641; </subfield>
  </datafield>
  <datafield tag="700" ind1=" " ind2=" ">
    <subfield code="9">26557</subfield>
    <subfield code="a">&#x645;&#x648;&#x631;&#x60C;&#x628;&#x631;&#x648;&#x633; &#x641;&#x64A;&#x643;&#x62A;&#x648;&#x631;</subfield>
    <subfield code="c">&#x645;&#x624;&#x644;&#x641; </subfield>
  </datafield>
  <datafield tag="700" ind1=" " ind2=" ">
    <subfield code="9">26557</subfield>
    <subfield code="a">&#x645;&#x648;&#x631;&#x60C;&#x628;&#x631;&#x648;&#x633; &#x641;&#x64A;&#x643;&#x62A;&#x648;&#x631;</subfield>
    <subfield code="c">&#x645;&#x624;&#x644;&#x641; </subfield>
  </datafield>
  <datafield tag="700" ind1=" " ind2=" ">
    <subfield code="9">26558</subfield>
    <subfield code="a">&#x639;&#x628;&#x62F; &#x627;&#x644;&#x642;&#x627;&#x62F;&#x631; &#x60C;&#x641;&#x627;&#x631;&#x648;&#x642;</subfield>
    <subfield code="c">&#x645;&#x62A;&#x631;&#x62C;&#x645; </subfield>
  </datafield>
  <datafield tag="700" ind1=" " ind2=" ">
    <subfield code="9">26558</subfield>
    <subfield code="a">&#x639;&#x628;&#x62F; &#x627;&#x644;&#x642;&#x627;&#x62F;&#x631; &#x60C;&#x641;&#x627;&#x631;&#x648;&#x642;</subfield>
    <subfield code="c">&#x645;&#x62A;&#x631;&#x62C;&#x645; </subfield>
  </datafield>
  <datafield tag="700" ind1=" " ind2=" ">
    <subfield code="9">26558</subfield>
    <subfield code="a">&#x639;&#x628;&#x62F; &#x627;&#x644;&#x642;&#x627;&#x62F;&#x631; &#x60C;&#x641;&#x627;&#x631;&#x648;&#x642;</subfield>
    <subfield code="c">&#x645;&#x62A;&#x631;&#x62C;&#x645; </subfield>
  </datafield>
  <datafield tag="700" ind1=" " ind2=" ">
    <subfield code="9">26568</subfield>
    <subfield code="a">&#x625;&#x633;&#x645;&#x627;&#x639;&#x64A;&#x644;&#x60C;&#x639;&#x632;&#x62A; &#x633;&#x64A;&#x62F;</subfield>
    <subfield code="c">&#x645;&#x62A;&#x631;&#x62C;&#x645; </subfield>
  </datafield>
  <datafield tag="700" ind1=" " ind2=" ">
    <subfield code="9">26569</subfield>
    <subfield code="a">&#x62D;&#x645;&#x632;&#x629;&#x60C;&#x645;&#x62E;&#x62A;&#x627;&#x631;</subfield>
    <subfield code="c">&#x645;&#x631;&#x627;&#x62C;&#x639; </subfield>
  </datafield>
  <datafield tag="700" ind1=" " ind2=" ">
    <subfield code="9">26570</subfield>
    <subfield code="a">&#x631;&#x645;&#x632;&#x649;&#x60C;&#x645;&#x62D;&#x645;&#x62F; &#x62A;&#x648;&#x641;&#x64A;&#x642;</subfield>
    <subfield code="c">&#x645;&#x642;&#x62F;&#x645;</subfield>
  </datafield>
  <datafield tag="942" ind1=" " ind2=" ">
    <subfield code="2">ddc</subfield>
    <subfield code="c">BB</subfield>
  </datafield>
  <datafield tag="999" ind1=" " ind2=" ">
    <subfield code="c">15784</subfield>
    <subfield code="d">15784</subfield>
  </datafield>
  <datafield tag="952" ind1=" " ind2=" ">
    <subfield code="0">0</subfield>
    <subfield code="1">0</subfield>
    <subfield code="2">ddc</subfield>
    <subfield code="4">0</subfield>
    <subfield code="7">0</subfield>
    <subfield code="8"> </subfield>
    <subfield code="a">MAIN</subfield>
    <subfield code="b">MAIN</subfield>
    <subfield code="c">LOW</subfield>
    <subfield code="d">2011-08-04</subfield>
    <subfield code="e">Donation</subfield>
    <subfield code="o">158.3 &#x628; &#x646; &#x62C;</subfield>
    <subfield code="p">000023030</subfield>
    <subfield code="r">2025-07-15 00:00:00</subfield>
    <subfield code="s">2022-02-22</subfield>
    <subfield code="y">BB</subfield>
  </datafield>
</record>
